Evaluación a proyectos de nomenclatura y aplicación de una guía (Santiago Atitlan Sololá)

El presente trabajo presenta un estudio de nomenclatura donde se generan soluciones adecuadas que ayuden a resolver el problema de la identificación y localización de personas e inmuebles en comunidades del interior del país.

Bibliographic Details
Main Author: Merlo Cárcamo, Rafael
Other Authors: Tutor: Uclés Cháves, José Jorge
Format: Tesis Section = Libro
Language:Undetermined
Spanish
Published: Guatemala USAC-G 1989
Subjects:
LEADER 00935nam a2200217Ia 4500
008 240830s9999 xx 000 0 und d
040 |a BIBLIOTECA-RUSB/ Mon 711.4728164 M564 
041 |a spa 
082 |a Mon 711.4728164 M564 
100 1 |a Merlo Cárcamo, Rafael 
245 1 0 |a Evaluación a proyectos de nomenclatura y aplicación de una guía (Santiago Atitlan Sololá) 
260 |a Guatemala  |b USAC-G  |c 1989 
300 |a 188 p. :il. 
502 |a Tesis (Arquitecto) - USAC-G, 1989. 
520 3 |a El presente trabajo presenta un estudio de nomenclatura donde se generan soluciones adecuadas que ayuden a resolver el problema de la identificación y localización de personas e inmuebles en comunidades del interior del país. 
650 7 |a CIUDADES (PLANES Y PLANIFICACION LOCALES - QUEZALTENANGO) 
650 7 |b  GUATEMALA 
700 1 |a Tutor:  |b Uclés Cháves, José Jorge 
942 |c BK  |2 ddc 
991 |a TESIS 
999 |c 20997